Регионална библиотека "Любен Каравелов" - Русе

Биология (Запис номер 194541)

MARC детайли
000 -Лидер
Контролно поле с фиксирана дължина 01918nam a2200385 c 4500
003 - Код на организацията, давaща контролен номер
Контролно поле BLK
005 - Дата и час на последна редакция
Контролно поле 20180422120006.0
008 - Елементи от данни с фиксирана дължина
fixed length control field 180411b bul|||||r ||||||| ||bul||
010 ## - Наследен системен номер
LC control number KNG00203772000
040 ## - Източник на каталожния запис
Идентификатор на билиотеката - собственик на записа BLK
041 ## - Код за език
Код за езика на текст/звукозапис или на отделно заглавие Български
Код за езика КДБФ Български
080 ## - УДК
Текстов определител УДК Биология в основното училище
УДК код - определител по УДК 372.857
УДК определител (075.2)
УДК - код + определител 372.857(075.2)
100 1# - Редна дума - Автор
Автор Ангелов, Павел Атанасов
Авторска отговорност първи автор
R(LIN) 364405
139 ## - Редно поле
Редна дума Биология
Авторски знак Био - Б 45
245 10 - Сведения за заглавието
Заглавие Биология
Подзаглавни данни Учебник для VII кл. средних общеобразовательных шк. с преподаванием на рус. яз.
Редно поле (дума) Павел Атанасов Ангелов; прев. от бълг. Ариадна Алексеевна Караянева; * Андон Илиев Даракчиев; * Тодор Иванов Цветков; * София Стефанова Абаджиева.
250 ## - Област на изданието
Сведения за изданието 2. прераб. изд.
257 ## - Страна на издаване
Страна на създаване/издаване България
260 ## - Област на издателските данни
-- София
Име на издателя, разпространителя и проч. Просвета
Година на издаване 1991
300 ## - Физическа характеристика
Страници 239 с.
Илюстрации и др. с ил.
Размери/Мащаб 22 см
380 ## - Жанр
Жанр Обществени науки
500 ## - Общи забележки
Забележка Ориг. загл. Биология. - Други авт. : А. Даракчиев, Т. Цветков, С. Абаджиева. - 1. изд. 1988. - Офс. изд. - 5 070 тир.
650 #4 - Допълнително описание по предмет – тема
Основно описание – тема или топоним Биология - учебници за основни училища
9 (RLIN) 251437
653 ## - Ключова дума – ненормативна
Ключова дума биология
653 ## - Ключова дума – ненормативна
Ключова дума руски език
653 ## - Ключова дума – ненормативна
Ключова дума VІІ кл.
700 1# - Други автори (авторска отговорност)
Лично име Караянева, Ариадна Алексеевна
Автороска отговорност (Описва отношението между автора и произведението) прев. от бълг.
9 (RLIN) 346688
700 1# - Други автори (авторска отговорност)
Лично име Даракчиев, Андон Илиев
Автороска отговорност (Описва отношението между автора и произведението) *
9 (RLIN) 385328
700 1# - Други автори (авторска отговорност)
Лично име Цветков, Тодор Иванов
Автороска отговорност (Описва отношението между автора и произведението) *
9 (RLIN) 364521
700 1# - Други автори (авторска отговорност)
Лично име Абаджиева, София Стефанова
Автороска отговорност (Описва отношението между автора и произведението) *
9 (RLIN) 346689
852 ## - Местоположение
Форматна сигнатура Цб 166677
856 4# - Електронен адрес и достъп
Електронен формат pdf - файл
Път до файла /url/
856 4# - Електронен адрес и достъп
Електронен формат pdf - файл
Път до файла /url/
942 ## - АРТИКУЛИ
Вид на библиотечния материал Книги
Скрит в OPAC Не
944 ## - СЪЗДАВАНЕ И РЕДАКЦИЯ на ЗАПИСА
Създаване/Редакция Създаване
Дата на регистрацията/редакция 24.03.2017
Служител, извършил регистрацията/редакцията Кети_Илиева
944 ## - СЪЗДАВАНЕ И РЕДАКЦИЯ на ЗАПИСА
Създаване/Редакция Редакция
Дата на регистрацията/редакция 24.03.2017
Служител, извършил регистрацията/редакцията Кети_Илиева
999 ## - СИСТЕМНИ КОНТРОЛНИ НОМЕРА
Koha biblionumber 194541
Koha biblioitemnumber 194541
Наличности
Код за отписване Код за изгубен артикул Източник на класификационната схема Код за повреда Коз за рестрикции Код за отдаване Артикулен № Име на библиотеката - собственик Име на библиотеката, в която се намира в момента Статус (Текущо местоположение) Дата на вписване в системата Местоположение - отдел Цена в лева Инвентарен номер Систематично азбучна сигнатура Баркод Номер на екземпляра Цена в евро Служебна бележка Служебен тип на артикула
  Не е изгубен Universal Decimal Classification Не е повреден без рестрикции ползва се в читалня 340190 Регионална библиотека "Любен Каравелов" Русе Регионална библиотека "Любен Каравелов" Русе Хранилище 1991-01-01 Хранилище 40.80 549835 Цб 166677 120000549835 1 20.86 Вид: Сф Дата: 01.01.1991 Книги
Vip Innovations Ltd, Rousse, Bulgaria 2025